000 00339nam a2200145Ia 4500
008 240624s9999 xx 000 0 und d
041 _aeng
082 _a378.242 OLI
100 _aOLIVER PAUL
245 _aWRITING YOUR THESIS
250 _a(3nd ed.)
260 _c2013
_aNew Delhi
_bSage
300 _a229 : p. : cm. ; 24
365 _cRS
999 _c24432
_d24432